Statistics for Classical Greek Authors

Click here to take the quiz!

General Stats

  • This quiz has been taken 807 times
  • The average score is 8 of 14

Answer Stats

Hint Answer % Correct
Epic poet, author of the Iliad and the OdysseyHomer
100%
Dialogue-writing philosopher, wrote The Republic, The Apology, Symposium, Euthyphro, Crito, etc.Plato
70%
Female lyric poet who focused on romantic themesSappho
63%
Slave who wrote FablesAesop
63%
Philosopher who wrote on a range of subjects, wrote Metaphysics, Nicomachean Ethics, Poetics, Politics, etc.Aristotle
63%
Father of History, wrote account of the Persian WarsHerodotus
61%
Tragedian, wrote Oedipus/ Theban trilogySophocles
57%
Father of Comic Drama who was especially critical of Socrates, wrote The Clouds, The Birds, The Frogs, LysistrataAristophanes
54%
Tragedian who was particularly sympathetic to women's issues, wrote Medea, Heracles, Electra, The BacchaeEuripides
50%
Poet, author of Theogony and Works and DaysHesiod
45%
Father of Tragedy, wrote Orestes trilogy, Prometheus Bound, The PersiansAeschylus
44%
Arguably the greatest historian of the Classical period, wrote The Peloponnesian WarThucydides
41%
Historian who wrote Anabasis (Persian Expedition) and several works on SocratesXenophon
29%
Lyric poet whose Odes are especially focused on human achievementPindar
18%

Score Distribution

Percentile by Number Answered

Percent of People with Each Score

Your Score History

You have not taken this quiz